000 01569cam a2200505 4500
001 sjds1130687
003 sjds
005 20251119024650.0
008 750825t19751975nyua j 000 1 eng
010 _a 75028456
020 _a0590482793 (Scholastic pbk.)
020 _a9780590482790 (Scholastic pbk.)
020 _a0394832310
020 _a0394932315
020 _a0613035925
020 _a0679887857 (pbk Dragonfly) :
_c$6.99
020 _a9780679887850
_c$7.99
020 _a0679887857 ;
_c7.99
020 _a9780679887850
035 _a(OCoLC)1637962
035 _a1130687
040 _dUtOrBLW
_csjds
041 _aeng
049 _aIFAA
099 _f1975
100 1 _aLionni, Leo,
_d1910-1999,
_eauthor.
240 1 0 _aColour of his own
245 1 2 _aA color of his own /
_cLeo Lionni.
260 _aNew York :
_bScholastic,
_c2004
264 1 _aNew York :
_bPantheon Books,
_c[1975]
264 4 _cc1975
300 _a32 unnumbered pages :
_bcolor illustrations ;
_c20 x 21 cm
336 _atext
_btxt
_2rdacontent
337 _aunmediated
_bn
_2rdamedia
338 _avolume
_bnc
_2rdacarrier
500 _aBritish ed. published in 1975 under title: A colour of his own.
520 _aA little chameleon is distressed that he doesn't have his own color like other animals.
521 8 _aAD640L
_bLexile
526 0 _aLexile
526 0 _aAccelerated Reader
_bLG
_c2.3
_d0.5
_z49248
650 0 _aChameleons
_vJuvenile fiction.
650 0 _aColor
_vJuvenile fiction.
942 _cBK
999 _c31189
_d31187
999 _bCONCEPT BOOKS LIONNI 1975